Witamy w Bibliotece Naukowej Instytutu Łączności!

Teorija informacii : (Rekord nr 12453)

000 -LEADER
fixed length control field 00320 a2200085 4500
100 1# - MAIN ENTRY--PERSONAL NAME
Personal name Sovetov, B.Ja..
Relator term Autor
245 0# - TITLE STATEMENT
Title Teorija informacii :
Remainder of title Teoreticeskie osnovy peredaci informacii v ASU /
Statement of responsibility, etc Sovetov B.Ja..
260 ## - PUBLICATION, DISTRIBUTION, ETC. (IMPRINT)
Place of publication, distribution, etc Leningrad :
Name of publisher, distributor, etc Izd. Leningr. Univer.,
Date of publication, distribution, etc 1977.
300 ## - PHYSICAL DESCRIPTION
Extent 183 s.;
Dimensions 24 cm.
710 2# - ADDED ENTRY--CORPORATE NAME
Corporate name or jurisdiction name as entry element Izd. Leningr. Univer..
Relator term Wydawca
Relator code pbl

Brak dostępnych egzemplarzy.

Działa dzięki Koha